[Event "II. CLANSKA LIGA ZAHOD 2025"]
[Site "Komenda"]
[Date "2025.11.22"]
[Round "6.5"]
[White "Azinovic, Igor"]
[Black "Pazlar, Marko"]
[Result "0-1"]
[WhiteElo "1787"]
[BlackElo "1977"]
[PlyCount "124"]
[EventDate "2025.11.14"]
[WhiteTeam "SK DOL PRI LJUBLJANI"]
[BlackTeam "SD JESENICE"]

1. e4 e6 2. d4 d5 3. e5 c5 4. c3 Nc6 5. Nf3 Bd7 6. Be2 Qb6 7. O-O Nge7 8. Na3
cxd4 9. cxd4 Nf5 10. Nc2 Be7 11. Kh1 h5 12. Bd3 g6 13. Re1 Qd8 14. Qd2 h4 15.
b4 Qb6 16. Bxf5 gxf5 17. a3 O-O-O 18. Qd3 Rdg8 19. Bd2 a6 20. a4 Na7 21. Rec1
Kb8 22. b5 axb5 23. a5 Qd8 24. a6 b6 25. Nb4 Qf8 26. Rc2 Bxb4 27. Rac1 Bxd2 28.
Qxd2 Qg7 29. Ne1 Rc8 30. Qb4 Qf8 31. Rxc8+ Bxc8 32. Qc3 Qe7 33. Nd3 h3 34. Nb4
hxg2+ 35. Kg1 Qd7 36. Rc2 Rd8 37. Qd2 Qe7 38. Nc6+ Nxc6 39. Rxc6 Rd7 40. Qc3
Bxa6 41. Rxb6+ Bb7 42. Rxb5 Rc7 43. Qb2 Qd7 44. h4 Qe7 45. Qb4 Qxb4 46. Rxb4
Rc4 47. Rb3 Rxd4 48. Rh3 Rg4 49. h5 d4 50. h6 Rg8 51. Rd3 Rh8 52. f3 Rxh6 53.
Kxg2 Rg6+ 54. Kf2 f6 55. exf6 Rxf6 56. Rxd4 e5 57. Rc4 Rc6 58. Rb4 Rc3 59. Ke2
Rxf3 60. Rb5 e4 61. Rc5 Ba6+ 62. Ke1 e3 0-1

[Event "II. CLANSKA LIGA ZAHOD 2025"]
[Site "Komenda"]
[Date "2025.11.22"]
[Round "6.5"]
[White "Pavlin, Ivan"]
[Black "Magerl, Zan"]
[Result "1-0"]
[WhiteElo "1886"]
[BlackElo "1682"]
[PlyCount "105"]
[EventDate "2025.11.14"]
[WhiteTeam "SD JESENICE"]
[BlackTeam "SK DOL PRI LJUBLJANI"]

1. d4 d5 2. c4 e6 3. e3 Nf6 4. Nc3 Be7 5. Bd2 O-O 6. c5 b6 7. b4 Bb7 8. f4 c6
9. Nf3 Qc7 10. Bd3 Ba6 11. Bxa6 Nxa6 12. a3 Nd7 13. O-O f5 14. Qe2 Nab8 15. Ne5
Nf6 16. Rfc1 bxc5 17. bxc5 Nbd7 18. Rab1 Rfb8 19. Qa6 Nxe5 20. fxe5 Ne4 21.
Nxe4 fxe4 22. Qa4 Bg5 23. Qd1 Qf7 24. a4 Rf8 25. Qe2 Rab8 26. a5 Bh4 27. g3 Qg6
28. Kh1 Bg5 29. a6 Qf7 30. Kg2 Rxb1 31. Rxb1 Qf3+ 32. Qxf3 Rxf3 33. Rb8+ Kf7
34. Rb7+ Kg6 35. Rxa7 Bxe3 36. Bxe3 Rxe3 37. Rc7 Ra3 38. Rxc6 Kf5 39. h3 h5 40.
Rb6 Ra2+ 41. Kf1 e3 42. c6 Ke4 43. c7 Kf3 44. Rb1 Rh2 45. Kg1 Rg2+ 46. Kh1 Kxg3
47. c8=Q Rh2+ 48. Kg1 Rg2+ 49. Kf1 Rh2 50. Qxe6 e2+ 51. Ke1 Kf3 52. Qxd5+ Ke3
53. Rb3+ 1-0

[Event "II. CLANSKA LIGA ZAHOD 2025"]
[Site "Komenda"]
[Date "2025.11.22"]
[Round "6.5"]
[White "Kampus, Iva"]
[Black "Kljucanin, Fahrudin"]
[Result "1/2-1/2"]
[WhiteElo "1578"]
[BlackElo "1677"]
[PlyCount "128"]
[EventDate "2025.11.14"]
[WhiteTeam "SK DOL PRI LJUBLJANI"]
[BlackTeam "SD JESENICE"]

1. e4 e6 2. Nf3 b6 3. Nc3 Bb7 4. Bc4 a6 5. a3 d6 6. d3 Be7 7. Bf4 Nd7 8. Qd2 c5
9. O-O h6 10. Rfe1 Ngf6 11. h3 O-O 12. Qe2 b5 13. Bb3 Rc8 14. Rab1 Nb6 15. Nh2
c4 16. Ba2 d5 17. e5 Nh7 18. d4 Bc6 19. Rbd1 a5 20. Qg4 Kh8 21. Ne2 b4 22. axb4
axb4 23. c3 Na4 24. Bc1 Rb8 25. Nf3 Bd7 26. Qh5 Bg5 27. Nxg5 Nxg5 28. h4 Nh7
29. Bb1 f5 30. cxb4 Rxb4 31. Nf4 Qe8 32. Qe2 Rb7 33. g4 g6 34. Nh3 Qf7 35. Bxh6
Rxb2 36. Qf3 Rb3 37. Re3 Rxe3 38. Qxe3 Rb8 39. Nf4 Rb3 40. Qe2 Nc3 41. Qd2 Nxb1
42. Qc2 Na3 43. Qe2 Be8 44. Ra1 Qe7 45. g5 Qb7 46. Nxe6 Rb1+ 47. Rxb1 Qxb1+ 48.
Kh2 Qb7 49. Nc5 Qe7 50. Qa2 Nb5 51. Qe2 Nxd4 52. Qe3 Nc6 53. f4 Kg8 54. Na4 Nf8
55. Nb6 d4 56. Qf3 Qc5 57. Nd5 Nd7 58. e6 Nde5 59. fxe5 Nxe5 60. Nf6+ Kh8 61.
Qb7 Nf7 62. exf7 Qe5+ 63. Kg2 Qe2+ 64. Kg3 Qe3+ 1/2-1/2

[Event "II. CLANSKA LIGA ZAHOD 2025"]
[Site "Komenda"]
[Date "2025.11.22"]
[Round "7.1"]
[White "Rodman, Franc"]
[Black "Skrbec, Leon"]
[Result "0-1"]
[WhiteElo "1978"]
[BlackElo "2276"]
[PlyCount "80"]
[EventDate "2025.11.14"]
[WhiteTeam "SD JESENICE"]
[BlackTeam "SK POSTOJNA"]

1. d4 Nf6 2. Nf3 e6 3. g3 d5 4. Bg2 Be7 5. O-O O-O 6. c4 c6 7. Qc2 b6 8. Rd1
Bb7 9. Nc3 Nbd7 10. cxd5 cxd5 11. Bf4 Rc8 12. Qd3 a6 13. a4 Bb4 14. Na2 Be7 15.
Rac1 Ne4 16. Rxc8 Bxc8 17. Rc1 Bd6 18. Bxd6 Nxd6 19. Nb4 Nb8 20. Qc2 a5 21. Nc6
Nxc6 22. Qxc6 Ba6 23. Ne5 Qc8 24. Qxc8 Rxc8 25. Rxc8+ Nxc8 26. e3 f6 27. Nf3
Bd3 28. Nd2 Nd6 29. f3 Kf7 30. Kf2 e5 31. g4 Ke6 32. Bf1 Bc2 33. b3 g5 34. h3
h6 35. Be2 f5 36. Ke1 f4 37. Kf2 Nb7 38. Ba6 Nd8 39. Ke2 exd4 40. exd4 Nc6 0-1

[Event "II. CLANSKA LIGA ZAHOD 2025"]
[Site "Komenda"]
[Date "2025.11.22"]
[Round "7.1"]
[White "Cepon, Dusan"]
[Black "Jeraj, Zlatko"]
[Result "1/2-1/2"]
[WhiteElo "2012"]
[BlackElo "2001"]
[PlyCount "145"]
[EventDate "2025.11.14"]
[WhiteTeam "SK POSTOJNA"]
[BlackTeam "SD JESENICE"]

1. e4 e5 2. Nc3 Nc6 3. f4 d6 4. Nf3 Bg4 5. Bc4 Bxf3 6. Qxf3 Nd4 7. Qd1 c6 8.
O-O Nf6 9. d3 b5 10. Bb3 Be7 11. Be3 a5 12. a4 Nxb3 13. cxb3 b4 14. Nb1 O-O 15.
Nd2 exf4 16. Rxf4 d5 17. e5 Nd7 18. Nf3 c5 19. Rg4 Ra6 20. Rc1 d4 21. Bf2 Re6
22. Re4 Re8 23. Qc2 Bf8 24. Rce1 h6 25. Bg3 Nb6 26. Bf4 Nd5 27. Bc1 Qb8 28. h4
Nb6 29. h5 Nd7 30. Bf4 Be7 31. Qf2 Qb7 32. Nd2 Nb6 33. Qf3 Qd7 34. Qd1 Qd8 35.
Nf3 Nd7 36. Bd2 Nb6 37. Rf1 Bf8 38. Qe2 Qd5 39. Re1 Be7 40. Bf4 Qd8 41. Nd2 Qd5
42. Qd1 Bh4 43. Rf1 Bg5 44. Bxg5 hxg5 45. Nf3 f6 46. exf6 gxf6 47. Nd2 f5 48.
Rxe6 Qxe6 49. Nf3 Nd5 50. Re1 Ne3 51. Qc1 g4 52. Nh4 Qd5 53. Qd2 f4 54. Ng6 f3
55. Nf4 Qf7 56. g3 Qxb3 57. Rc1 Rc8 58. Qh2 Nf5 59. Re1 Rc6 60. Qf2 Kf7 61. Re5
Ne3 62. Rxe3 dxe3 63. Qxe3 Qd1+ 64. Kf2 Qc2+ 65. Ke1 Qb1+ 66. Kd2 Qxb2+ 67. Kd1
Qa1+ 68. Kd2 Qa2+ 69. Ke1 Qa1+ 70. Kd2 Qc3+ 71. Kd1 Qa1+ 72. Kd2 Qb2+ 73. Kd1
1/2-1/2

[Event "II. CLANSKA LIGA ZAHOD 2025"]
[Site "Komenda"]
[Date "2025.11.22"]
[Round "7.1"]
[White "Pazlar, Marko"]
[Black "Filippovskiy, Nikita"]
[Result "1-0"]
[WhiteElo "1977"]
[BlackElo "1807"]
[PlyCount "99"]
[EventDate "2025.11.14"]
[WhiteTeam "SD JESENICE"]
[BlackTeam "SK POSTOJNA"]

1. Nf3 Nf6 2. g3 g6 3. Bg2 Bg7 4. O-O O-O 5. d4 d6 6. Nbd2 Nc6 7. e4 e5 8. c3
h6 9. Qc2 Nh7 10. dxe5 dxe5 11. Nc4 Be6 12. Ne3 f5 13. Bh3 Qc8 14. exf5 gxf5
15. Nh4 f4 16. Bxe6+ Qxe6 17. Nef5 Ng5 18. Qb3 Rad8 19. Qxe6+ Nxe6 20. Re1 Ng5
21. Kf1 Rd3 22. gxf4 exf4 23. Bxf4 Nf3 24. Re3 Nxh4 25. Rxd3 Nxf5 26. Bxc7 Be5
27. Rd7 Re8 28. Re1 Kf8 29. Bxe5 Nxe5 30. Rxb7 Nd6 31. Rxa7 Ndc4 32. f4 Nd2+
33. Kg2 Nd3 34. Rxe8+ Kxe8 35. Rb7 Nxf4+ 36. Kg3 Nd5 37. a4 Ne4+ 38. Kg4 Nd6
39. Ra7 Nf6+ 40. Kf3 Nd7 41. b4 Ke7 42. Ra8 Ne5+ 43. Kf4 Ng6+ 44. Ke3 Ne5 45.
a5 Ng4+ 46. Kf4 h5 47. a6 Nf6 48. a7 Nd5+ 49. Kg5 Nc7 50. Rb8 1-0

[Event "II. CLANSKA LIGA ZAHOD 2025"]
[Site "Komenda"]
[Date "2025.11.22"]
[Round "7.1"]
[White "Pridigar, Lovro"]
[Black "Pavlin, Ivan"]
[Result "1/2-1/2"]
[WhiteElo "1974"]
[BlackElo "1886"]
[PlyCount "60"]
[EventDate "2025.11.14"]
[WhiteTeam "SK POSTOJNA"]
[BlackTeam "SD JESENICE"]

1. d4 d5 2. Bf4 Nf6 3. e3 e6 4. Bd3 c5 5. c3 Be7 6. Nf3 c4 7. Bc2 b5 8. a3 a5
9. Nbd2 Bb7 10. O-O Nbd7 11. Re1 O-O 12. Ne5 Nxe5 13. Bxe5 Nd7 14. Bg3 f5 15.
f3 Bh4 16. Bxh4 Qxh4 17. e4 f4 18. exd5 exd5 19. Qe2 Nf6 20. Qf2 Qxf2+ 21. Kxf2
Rae8 22. b3 Bc6 23. Rxe8 Rxe8 24. Re1 Kf7 25. Rxe8 Kxe8 26. b4 axb4 27. axb4
Bd7 28. g3 g5 29. g4 Kf7 30. h3 h6 1/2-1/2

[Event "II. CLANSKA LIGA ZAHOD 2025"]
[Site "Komenda"]
[Date "2025.11.22"]
[Round "7.1"]
[White "Kljucanin, Fahrudin"]
[Black "Markovcic, Gregor"]
[Result "1-0"]
[WhiteElo "1677"]
[BlackElo "1730"]
[PlyCount "83"]
[EventDate "2025.11.14"]
[WhiteTeam "SD JESENICE"]
[BlackTeam "SK POSTOJNA"]

1. d4 Nf6 2. c4 e6 3. a3 d5 4. c5 Be7 5. Nc3 O-O 6. h3 Nc6 7. Bf4 a6 8. e3 Re8
9. Nf3 Bf8 10. Be2 Nd7 11. O-O e5 12. dxe5 Bxc5 13. Qxd5 Ne7 14. Qa2 Ng6 15.
Rad1 c6 16. Ne4 Qb6 17. b4 Be7 18. e6 fxe6 19. Qxe6+ Kh8 20. Qa2 Bxb4 21. Neg5
h6 22. Nf7+ Kh7 23. axb4 Nxf4 24. exf4 Qxb4 25. Bd3+ g6 26. N3e5 Nxe5 27. Nxe5
Re6 28. g3 h5 29. Rfe1 h4 30. Nf3 Rf6 31. Nxh4 Bxh3 32. Qe2 Re6 33. Bxg6+ Kg7
34. Qxe6 Bxe6 35. Rxe6 Qa5 36. Rd7+ Kf8 37. Rxb7 Qa1+ 38. Kg2 Rd8 39. Nf3 Qa3
40. Ne5 c5 41. Rf6+ Kg8 42. Bh7+ 1-0

[Event "II. CLANSKA LIGA ZAHOD 2025"]
[Site "Komenda"]
[Date "2025.11.22"]
[Round "7.2"]
[White "Simnic, Franci"]
[Black "Kampus, Andrej"]
[Result "0-1"]
[WhiteElo "1834"]
[BlackElo "2066"]
[PlyCount "98"]
[EventDate "2025.11.14"]
[WhiteTeam "SD RADOVLJICA"]
[BlackTeam "SK DOL PRI LJUBLJANI"]

1. d4 Nf6 2. Nf3 d5 3. c4 e6 4. Nc3 dxc4 5. Qa4+ Nbd7 6. Qxc4 c5 7. e4 Nb6 8.
Qb5+ Bd7 9. Qb3 Bc6 10. Bg5 h6 11. Bh4 g5 12. Bg3 Nxe4 13. Nxe4 Bxe4 14. Be5
Bd5 15. Bb5+ Ke7 16. Qe3 f6 17. Bxf6+ Kxf6 18. Qe5+ Kf7 19. Qxh8 Bxf3 20. gxf3
Nd5 21. O-O Nf6 22. Rfe1 Qd6 23. Bc4 Re8 24. Rxe6 Rxe6 25. Re1 Nd5 26. Qh7+ Ke8
27. Qg6+ Kd7 28. Qh7+ Kd8 29. Rd1 cxd4 30. Qxb7 Nc7 31. Qxa7 Bg7 32. Qb8+ Ke7
33. Qg8 Kf6 34. Bxe6 Nxe6 35. Rd3 Nf4 36. Rd1 d3 37. Qc4 Qe6 38. Qxe6+ Kxe6 39.
b4 Kd5 40. b5 Kc5 41. a4 Kb6 42. Kf1 Bc3 43. Rc1 d2 44. Rb1 Bb2 45. a5+ Kc5 46.
Rd1 Bc3 47. a6 Kb6 48. Rb1 Bb2 49. Rd1 Bc1 0-1

[Event "II. CLANSKA LIGA ZAHOD 2025"]
[Site "Komenda"]
[Date "2025.11.22"]
[Round "7.2"]
[White "Arlic, Nejc"]
[Black "Krivec, Metod"]
[Result "1-0"]
[WhiteElo "1838"]
[BlackElo "1840"]
[PlyCount "109"]
[EventDate "2025.11.14"]
[WhiteTeam "SK DOL PRI LJUBLJANI"]
[BlackTeam "SD RADOVLJICA"]

1. e4 e6 2. d4 d5 3. exd5 exd5 4. Bd3 Nf6 5. Bf4 Bd6 6. Ne2 O-O 7. Bxd6 Qxd6 8.
c3 Re8 9. Qc2 Nbd7 10. Nd2 Nf8 11. O-O-O c5 12. dxc5 Qxc5 13. Nd4 Ne6 14. N2b3
Qb6 15. Rhe1 Bd7 16. Nxe6 fxe6 17. Re5 Ba4 18. g4 Bb5 19. Bxb5 Qxb5 20. f3 Nd7
21. Rh5 g6 22. Rg5 Qa4 23. Rd4 Qxa2 24. Rf4 Re7 25. h4 e5 26. Rb4 Qa6 27. Qd1
Nf6 28. h5 b6 29. hxg6 h6 30. Rf5 Kg7 31. Nd2 Qb7 32. Qc2 Rc8 33. g5 hxg5 34.
Rxg5 Rh8 35. b3 a5 36. Ra4 Qc7 37. Kb2 b5 38. Ra1 Rh4 39. Re1 a4 40. bxa4 bxa4
41. Nb1 Qd6 42. Na3 Rb7+ 43. Ka2 Rb3 44. Nb1 e4 45. Qf2 Rh2 46. Rg2 Rh3 47.
Qa7+ Nd7 48. Qxa4 Rb6 49. Qd4+ Kg8 50. fxe4 Ra6+ 51. Kb2 Qb8+ 52. Kc1 Qf4+ 53.
Rd2 Nf6 54. exd5 Qd6 55. Qc4 1-0

[Event "II. CLANSKA LIGA ZAHOD 2025"]
[Site "Komenda"]
[Date "2025.11.22"]
[Round "7.2"]
[White "Torkar, Boris"]
[Black "Azinovic, Igor"]
[Result "1-0"]
[WhiteElo "1858"]
[BlackElo "1787"]
[PlyCount "85"]
[EventDate "2025.11.14"]
[WhiteTeam "SD RADOVLJICA"]
[BlackTeam "SK DOL PRI LJUBLJANI"]

1. d4 c5 2. c3 Nf6 3. e3 g6 4. Nf3 Qc7 5. Be2 Bg7 6. O-O O-O 7. b3 d5 8. Bb2
Nbd7 9. Na3 b6 10. Rc1 Bb7 11. h3 Rad8 12. Nb5 Qb8 13. Na3 Rfe8 14. Nb1 e5 15.
dxe5 Nxe5 16. Nbd2 Ne4 17. Qc2 Nd6 18. Nxe5 Bxe5 19. Nf3 Bg7 20. Rfd1 Ne4 21.
c4 dxc4 22. Bxc4 Nf6 23. Ng5 Re7 24. Rxd8+ Qxd8 25. Rd1 Qc8 26. Rd6 Ne8 27.
Rxg6 Be4 28. Rxg7+ Nxg7 29. Nxe4 Qf5 30. Qc3 Qg6 31. Nf6+ Kf8 32. Bd3 Nf5 33.
Nxh7+ Qxh7 34. Bxf5 Qh6 35. Qf6 Qxf6 36. Bxf6 Rb7 37. g4 b5 38. Kf1 Rb6 39. g5
a5 40. Ke2 Rd6 41. h4 a4 42. h5 axb3 43. axb3 1-0

[Event "II. CLANSKA LIGA ZAHOD 2025"]
[Site "Komenda"]
[Date "2025.11.22"]
[Round "7.2"]
[White "Magerl, Zan"]
[Black "Bec, Alojz"]
[Result "1/2-1/2"]
[WhiteElo "1682"]
[BlackElo "1865"]
[PlyCount "82"]
[EventDate "2025.11.14"]
[WhiteTeam "SK DOL PRI LJUBLJANI"]
[BlackTeam "SD RADOVLJICA"]

1. e4 c5 2. Nc3 Nc6 3. Bb5 d6 4. Bxc6+ bxc6 5. d3 e6 6. Bd2 Nf6 7. f4 Be7 8.
Nf3 h6 9. Qe2 a5 10. O-O O-O 11. e5 Nh7 12. Ne4 d5 13. Ng3 Qb6 14. b3 c4+ 15.
Kh1 cxd3 16. cxd3 Ba6 17. Be3 Bc5 18. Bxc5 Qxc5 19. Rac1 Qb6 20. f5 exf5 21.
Nxf5 Kh8 22. Qd2 Qb4 23. Qe3 Rac8 24. Rfe1 Rc7 25. d4 Bc8 26. Nd6 Be6 27. Rg1
f6 28. Nh4 Kg8 29. Rge1 f5 30. Ng6 Ra8 31. Nf4 Nf8 32. Nxe6 Nxe6 33. Nxf5 a4
34. bxa4 Qxa4 35. Re2 Qa3 36. Qxa3 Rxa3 37. h3 Kf8 38. Rec2 Ra6 39. Rd1 Ra4 40.
Rdc1 Ra6 41. Rd1 Ra4 1/2-1/2

[Event "II. CLANSKA LIGA ZAHOD 2025"]
[Site "Komenda"]
[Date "2025.11.22"]
[Round "7.2"]
[White "Blaznik, Vojko"]
[Black "Kampus, Iva"]
[Result "0-1"]
[WhiteElo "1791"]
[BlackElo "1578"]
[PlyCount "104"]
[EventDate "2025.11.14"]
[WhiteTeam "SD RADOVLJICA"]
[BlackTeam "SK DOL PRI LJUBLJANI"]

1. e4 d5 2. e5 c5 3. c3 Bf5 4. d4 e6 5. a3 Nc6 6. Nf3 Bg4 7. Be2 Nge7 8. b4 c4
9. O-O h5 10. h3 Bxf3 11. Bxf3 h4 12. Bg4 Qd7 13. a4 O-O-O 14. Na3 f6 15. f4 f5
16. Bf3 Rg8 17. Nb5 Ng6 18. Bh5 Nh8 19. Bf3 Nf7 20. Na3 Be7 21. Rb1 g5 22. Kh2
Rg7 23. Bh5 Nh6 24. fxg5 Bxg5 25. Bxg5 Rxg5 26. Bf3 Rdg8 27. Rb2 Rg3 28. Nb5
Nf7 29. Bh5 Ng5 30. Nd6+ Kb8 31. a5 Rxc3 32. a6 Rd3 33. Qa1 b6 34. Nb7 Rxd4 35.
Nc5 Qc7 36. Kh1 Nxe5 37. Qa4 Qc6 38. Qa3 Nd3 39. Nxd3 Rxd3 40. Qa1 Ne4 41. Rf3
Ng3+ 42. Rxg3 Rdxg3 43. Qe1 R8g7 44. Qe5+ Kc8 45. Bg4 Qd7 46. Bf3 Rg8 47. Qf6
Re8 48. Qxh4 Reg8 49. Qxc4+ Kb8 50. Qd3 Qd6 51. b5 Rc8 52. Re2 Rc1+ 0-1

[Event "II. CLANSKA LIGA ZAHOD 2025"]
[Site "Komenda"]
[Date "2025.11.22"]
[Round "7.2"]
[White "Kampus, Vid"]
[Black "Zupan, Luka"]
[Result "1/2-1/2"]
[WhiteElo "1449"]
[BlackElo "1514"]
[PlyCount "72"]
[EventDate "2025.11.14"]
[WhiteTeam "SK DOL PRI LJUBLJANI"]
[BlackTeam "SD RADOVLJICA"]

1. e4 c6 2. d4 d5 3. exd5 cxd5 4. Nf3 Bg4 5. h3 Bh5 6. Be2 e6 7. O-O Bd6 8. Nc3
Ne7 9. Be3 Nbc6 10. Ng5 Bxe2 11. Qxe2 O-O 12. Qh5 h6 13. Nf3 Nf5 14. Nb5 Be7
15. Ne5 Nxe5 16. dxe5 Nxe3 17. fxe3 Qb6 18. Nd4 Bg5 19. Qf3 Qxb2 20. Qg3 Qc3
21. Rfe1 Qc5 22. h4 Bd8 23. Rf1 Qe7 24. Rf4 Bc7 25. Rg4 f6 26. Nxe6 Rf7 27.
Nxc7 Qxc7 28. exf6 Qxg3 29. Rxg3 Rxf6 30. Rg4 Rc8 31. Rb1 b6 32. Rc1 Rc3 33.
Rd4 Rxe3 34. Rxd5 Ra3 35. Ra1 Rc3 36. Rc1 Ra3 1/2-1/2

[Event "II. CLANSKA LIGA ZAHOD 2025"]
[Site "Komenda"]
[Date "2025.11.22"]
[Round "7.3"]
[White "Zirkelbach, Maj"]
[Black "Demsar, Maks"]
[Result "1-0"]
[WhiteElo "2260"]
[BlackElo "2116"]
[PlyCount "89"]
[EventDate "2025.11.14"]
[WhiteTeam "SD KRKA NOVO MESTO"]
[BlackTeam "DRUSTVO TOMO ZUPAN"]

1. d4 Nf6 2. c4 c5 3. d5 b5 4. cxb5 a6 5. Nc3 axb5 6. Nxb5 Qa5+ 7. Nc3 g6 8.
Bd2 Bg7 9. e4 O-O 10. f4 d6 11. Nf3 Ba6 12. Bxa6 Qxa6 13. Kf2 Nbd7 14. h3 Rfb8
15. Rb1 Ne8 16. Re1 Nc7 17. Kg3 Nb5 18. e5 Nb6 19. b3 Nc7 20. a4 Nbxd5 21. Nxd5
Nxd5 22. Qc2 Nb4 23. Bxb4 Rxb4 24. Re4 Rab8 25. Nd2 Qc6 26. Rbe1 d5 27. Rxb4
Rxb4 28. Rc1 Bh6 29. Rf1 Qb6 30. Rf3 Qa5 31. Qc3 c4 32. f5 Bxd2 33. Qxd2 cxb3
34. Qh6 d4 35. e6 f6 36. h4 Qe5+ 37. Kf2 g5 38. hxg5 fxg5 39. Qxg5+ Qg7 40. Qh5
Kf8 41. Rg3 Qxg3+ 42. Kxg3 Kg7 43. Qf7+ Kh8 44. Qxe7 Rc4 45. Qf6+ 1-0

[Event "II. CLANSKA LIGA ZAHOD 2025"]
[Site "Komenda"]
[Date "2025.11.22"]
[Round "7.3"]
[White "Sajovic, Marko"]
[Black "Lauda, Alexandr"]
[Result "0-1"]
[WhiteElo "2030"]
[BlackElo "2230"]
[PlyCount "75"]
[EventDate "2025.11.14"]
[WhiteTeam "DRUSTVO TOMO ZUPAN"]
[BlackTeam "SD KRKA NOVO MESTO"]

1. e4 e6 2. d4 d5 3. exd5 exd5 4. Nf3 Nc6 5. c3 Bd6 6. Bg5 f6 7. Be3 Nge7 8.
Bd3 Bf5 9. O-O Qd7 10. Re1 O-O-O 11. b4 Rde8 12. a4 Bxd3 13. Qxd3 g5 14. a5 a6
15. Na3 Na7 16. Reb1 Nb5 17. c4 Nxa3 18. Rxa3 dxc4 19. Qxc4 Nd5 20. Rab3 Qb5
21. Qxb5 axb5 22. g3 h5 23. Bd2 Re4 24. Rd3 h4 25. Ne1 hxg3 26. hxg3 Re7 27.
Rdb3 Reh7 28. Nc2 Rh1+ 29. Kg2 R8h2+ 30. Kf3 Rxb1 31. Rxb1 g4+ 32. Kxg4 Rxf2
33. Ne3 Rxd2 34. Nxd5 Rxd4+ 35. Nf4 Bxb4 36. Kf5 c6 37. Kxf6 Bxa5 38. Ra1 0-1

[Event "II. CLANSKA LIGA ZAHOD 2025"]
[Site "Komenda"]
[Date "2025.11.22"]
[Round "7.3"]
[White "Zupancic, Urban"]
[Black "Mlacnik, Franc"]
[Result "0-1"]
[WhiteElo "2024"]
[BlackElo "1972"]
[PlyCount "66"]
[EventDate "2025.11.14"]
[WhiteTeam "SD KRKA NOVO MESTO"]
[BlackTeam "DRUSTVO TOMO ZUPAN"]

1. e4 e6 2. d4 d5 3. exd5 exd5 4. c4 Nf6 5. Nc3 Bb4 6. Bd3 Nc6 7. Nge2 Be6 8.
c5 Qd7 9. Qc2 O-O 10. O-O Bxc3 11. Qxc3 Rfe8 12. f3 Bf5 13. Ng3 Bxd3 14. Qxd3
Re6 15. Bd2 Rae8 16. b4 Ne7 17. b5 Ng6 18. a4 h5 19. Qf5 h4 20. Nh5 Nxh5 21.
Qxh5 Re2 22. Rf2 R8e6 23. f4 Rxf2 24. Kxf2 Re4 25. g3 Rxd4 26. Be3 Re4 27. Rd1
d4 28. Bd2 Qh3 29. Kg1 d3 30. Re1 Qe6 31. Qd1 Re2 32. Rxe2 dxe2 33. Qc1 h3 0-1

[Event "II. CLANSKA LIGA ZAHOD 2025"]
[Site "Komenda"]
[Date "2025.11.22"]
[Round "7.3"]
[White "Muri, Emil"]
[Black "Rifelj, Luka"]
[Result "1/2-1/2"]
[WhiteElo "1870"]
[BlackElo "1985"]
[PlyCount "36"]
[EventDate "2025.11.14"]
[WhiteTeam "DRUSTVO TOMO ZUPAN"]
[BlackTeam "SD KRKA NOVO MESTO"]

1. e4 c5 2. Nf3 d6 3. Bb5+ Bd7 4. Qe2 a6 5. Bd3 Nc6 6. c3 b5 7. O-O Nf6 8. Bc2
Bg4 9. h3 Bh5 10. d3 Qd7 11. Nbd2 g5 12. g4 Bxg4 13. hxg4 Qxg4+ 14. Kh1 Qh5+
15. Kg2 Qg4+ 16. Kh1 Qh5+ 17. Kg2 Qg4+ 18. Kh1 Qh5+ 1/2-1/2

[Event "II. CLANSKA LIGA ZAHOD 2025"]
[Site "Komenda"]
[Date "2025.11.22"]
[Round "7.3"]
[White "Hudoklin, Jurij"]
[Black "Rogelj, Tomaz"]
[Result "1/2-1/2"]
[WhiteElo "1824"]
[BlackElo "1589"]
[PlyCount "82"]
[EventDate "2025.11.14"]
[WhiteTeam "SD KRKA NOVO MESTO"]
[BlackTeam "DRUSTVO TOMO ZUPAN"]

1. Nf3 Nf6 2. d4 d5 3. c4 e6 4. g3 Be7 5. Bg2 O-O 6. O-O c5 7. cxd5 exd5 8. Nc3
Be6 9. dxc5 Bxc5 10. Na4 Be7 11. Be3 Nc6 12. Rc1 Rc8 13. Bc5 b6 14. Bxe7 Qxe7
15. Nc3 Rfd8 16. Nd4 Qb4 17. Nxc6 Rxc6 18. Ne4 Rdc8 19. Nxf6+ gxf6 20. Rxc6
Rxc6 21. b3 Rd6 22. Qc2 Qc5 23. Qxc5 bxc5 24. Rd1 Ra6 25. Bxd5 Bxd5 26. Rxd5
Rxa2 27. e3 Rc2 28. Rd7 Rb2 29. Rxa7 Rxb3 30. Rc7 Rb1+ 31. Kg2 Rc1 32. Kf3 Kg7
33. h4 c4 34. Rc5 c3 35. e4 c2 36. Ke2 Kg6 37. Kf3 h5 38. Ke2 Kh6 39. Kf3 Kg6
40. Ke2 Kh6 41. Kf3 Kg6 1/2-1/2

[Event "II. CLANSKA LIGA ZAHOD 2025"]
[Site "Komenda"]
[Date "2025.11.22"]
[Round "7.4"]
[White "Markovic, Jelena"]
[Black "Vrcon, Damijan"]
[Result "0-1"]
[WhiteElo "1747"]
[BlackElo "2204"]
[PlyCount "58"]
[EventDate "2025.11.14"]
[WhiteTeam "SD VRHNIKA"]
[BlackTeam "SK VAL KOPER"]

1. d4 d6 2. c4 e5 3. dxe5 dxe5 4. Qxd8+ Kxd8 5. Nf3 f6 6. Nc3 Be6 7. b3 Nd7 8.
g3 c6 9. Bg2 Bb4 10. Bd2 a5 11. O-O Nh6 12. Rad1 Nf7 13. Na4 Kc7 14. Bxb4 axb4
15. c5 Rxa4 16. bxa4 Ra8 17. Rc1 Rxa4 18. Rfd1 Bxa2 19. Bh3 Nf8 20. Bf5 b3 21.
Rd2 e4 22. Ne1 g6 23. Bh3 Ne5 24. Rcd1 f5 25. Ra1 Ne6 26. Raxa2 bxa2 27. Nc2
a1=Q+ 28. Nxa1 Rxa1+ 29. Kg2 Nxc5 0-1

[Event "II. CLANSKA LIGA ZAHOD 2025"]
[Site "Komenda"]
[Date "2025.11.22"]
[Round "7.4"]
[White "Praznik, Nikolaj"]
[Black "Starc, Enej"]
[Result "0-1"]
[WhiteElo "1463"]
[BlackElo "1961"]
[PlyCount "56"]
[EventDate "2025.11.14"]
[WhiteTeam "SD VRHNIKA"]
[BlackTeam "SK VAL KOPER"]

1. e4 c5 2. Nf3 d6 3. Bb5+ Nd7 4. e5 dxe5 5. Nxe5 a6 6. Bxd7+ Bxd7 7. Nxd7 Qxd7
8. O-O Rd8 9. Nc3 Nf6 10. b3 g6 11. Na4 b5 12. Nxc5 Qd4 13. Ba3 b4 14. Nxa6
bxa3 15. Nc7+ Kd7 16. Nb5 Qc5 17. c4 e5 18. Qf3 Qc6 19. Qh3+ Qe6 20. Qf3 e4 21.
Qe3 Bd6 22. d3 Bxh2+ 23. Kh1 Bb8 24. dxe4 Qe5 25. Rad1+ Ke7 26. f4 Rxd1 27.
Rxd1 Qh5+ 28. Kg1 Qxd1+ 0-1

[Event "II. CLANSKA LIGA ZAHOD 2025"]
[Site "Komenda"]
[Date "2025.11.22"]
[Round "7.4"]
[White "Cepin, Nik"]
[Black "Sever, Florjan"]
[Result "0-1"]
[WhiteElo "1719"]
[BlackElo "1519"]
[PlyCount "84"]
[EventDate "2025.11.14"]
[WhiteTeam "SK VAL KOPER"]
[BlackTeam "SD VRHNIKA"]

1. e4 e5 2. Nf3 Nc6 3. Bc4 Bc5 4. c3 Nf6 5. d4 exd4 6. e5 d5 7. Bb5 Nd7 8. cxd4
Bb6 9. Nc3 a6 10. Ba4 Ba5 11. O-O b5 12. Bb3 Bxc3 13. bxc3 Nb6 14. Ba3 Na5 15.
Nd2 Nxb3 16. axb3 Be6 17. f4 Qd7 18. Qf3 Bg4 19. Qf2 Bf5 20. h3 h5 21. Rfe1 a5
22. e6 fxe6 23. g4 hxg4 24. hxg4 Bxg4 25. f5 O-O-O 26. fxe6 Bxe6 27. Bc5 Kb7
28. Rxa5 Ra8 29. b4 Qe8 30. Rea1 Qh5 31. Qg2 Bd7 32. Nf3 Na4 33. Ne5 Nxc5 34.
Qxd5+ c6 35. Qxc5 Rxa5 36. Rxa5 Qh2+ 37. Kf1 Qh1+ 38. Kf2 Rh2+ 39. Kg3 Qg1+ 40.
Kf4 g5+ 41. Ke4 Qg2+ 42. Ke3 Qe2# 0-1

[Event "II. CLANSKA LIGA ZAHOD 2025"]
[Site "Komenda"]
[Date "2025.11.22"]
[Round "7.5"]
[White "Bratovic, Blaz"]
[Black "Sirnik, Bostjan"]
[Result "1/2-1/2"]
[WhiteElo "2292"]
[BlackElo "2184"]
[PlyCount "80"]
[EventDate "2025.11.14"]
[WhiteTeam "SD GORENJKA LESCE"]
[BlackTeam "SK RIMEX ILIRSKA BISTRICA"]

1. Nf3 d5 2. c4 c6 3. e3 Nf6 4. Nc3 g6 5. d4 Bg7 6. Bd3 O-O 7. O-O a6 8. Ne5 e6
9. c5 Nbd7 10. f4 Nxe5 11. fxe5 Nd7 12. b4 f6 13. exf6 Bxf6 14. Qb3 Kg7 15. Bd2
e5 16. Ne2 e4 17. Bc2 Bh4 18. Nf4 Qc7 19. Be1 Bxe1 20. Raxe1 Nf6 21. Bd1 g5 22.
Nh5+ Nxh5 23. Bxh5 Bf5 24. Be2 Rf6 25. a4 Qe7 26. Qd1 Rh6 27. g3 Rf8 28. Bg4
Rhf6 29. Bxf5 Rxf5 30. Qg4 Qd7 31. Rxf5 Rxf5 32. Qh5 h6 33. Rf1 Rxf1+ 34. Kxf1
Qf5+ 35. Kg2 Qf8 36. Qg4 Qf7 37. h4 Kg6 38. h5+ Kg7 39. a5 Kh7 40. Kg1 Kg7
1/2-1/2